Dlhodobé skúsenosti z uskutočňovania vzdelávania v CĎV Ekonomickej univerzity a vzdelávacích projektov organizovaných s podporou finančných fondov

Skúsenosti s organizovaním ďalšieho vzdelávania v CĎV EU počas jeho 16 ročnej existencie. Portfólio vzdelávacích aktivít. Využívanie progresívnych foriem vzdelávania. Príprava výučbových a študijných materiálov. Získavanie účastníkov na vzdelávacie aktivity. Doplnkové služby pre účastníkov ďalšieho...

Description complète

Enregistré dans:
Détails bibliographiques
Auteur principal: Porvazník, Ján
Format: Chapitre de livre
Langue:slovaque
Sujets:
Tags: Ajouter un tag
Pas de tags, Soyez le premier à ajouter un tag!

MARC

LEADER 00000naa$a2200000$$$4500
001 0043545
005 20240502071520.0
041 0 |a slo 
044 |a SK 
245 1 0 |a Dlhodobé skúsenosti z uskutočňovania vzdelávania v CĎV Ekonomickej univerzity a vzdelávacích projektov organizovaných s podporou finančných fondov  |c Ján Porvazník ... [ et al. ] 
520 |a Skúsenosti s organizovaním ďalšieho vzdelávania v CĎV EU počas jeho 16 ročnej existencie. Portfólio vzdelávacích aktivít. Využívanie progresívnych foriem vzdelávania. Príprava výučbových a študijných materiálov. Získavanie účastníkov na vzdelávacie aktivity. Doplnkové služby pre účastníkov ďalšieho vzdelávania. Veda a výskum v CĎV EU. Inštitút ekonomického znalectva a expertíz. Skúsenosti so zahraničnými vzdelávacími projektami. Projekty spolufinancované Európskym sociálnym fondom. 
610 2 0 |a vzdelávanie 
610 2 0 |a vzdelávanie ďalšie 
610 2 0 |a univerzity 
610 2 0 |a projekty 
610 2 0 |a podpory 
610 2 0 |a fondy finančné 
610 2 0 |a Centrum ďalšieho vzdelávania Ekonomickej univerzity v Bratislave 
100 1 |a Porvazník, Ján